000 00939cam a22002893a 4500
001 16394633
003 PILC
005 20160114143348.0
008 991223s1999 xxu 000 1 eng
010 _a 99603660
020 _a0553492276
035 _a(DLC) 99603660
040 _aDLC
_cDLC
_dDLC
050 _aPZ 7
_b.P278st 1999
082 _aFIC
_bJ61sv 1999
100 1 _aJohn, Laurie.
_919647
245 1 0 _aCyber stalker :
_bthe return of william white part 1
_cwritten by Laurie John ; created by Francine Pascal.
260 _aNew York :
_bBantam Books,
_cc1999.
300 _a281 p. ;
_c17 cm.
500 _a"Sweet Valley University thriller edition, #13."
655 7 _aYoung adult fiction.
_2lcsh
_93735
700 1 _aPascal, Francine.
_93767
710 2 _aCopyright Paperback Collection (Library of Congress)
_5DLC
_9705
906 _a7
_bcbc
_corignew
_d2
_encip
_f19
_gy-genrareb
942 _2lcc
_cBK
999 _c11629
_d11629